Normal view
MARC view
Entry Topical Term
001 - CONTROL NUMBER
- control field: 30790
003 - CONTROL NUMBER IDENTIFIER
- control field: ARRUPE
005 - DATE AND TIME OF LATEST TRANSACTION
- control field: 20170511100351.0
008 - FIXED-LENGTH DATA ELEMENTS
- fixed length control field: 170511|| aca||aabn | a|a d
040 ## - CATALOGING SOURCE
- Original cataloging agency: ARRUPE
- Transcribing agency: ARRUPE
150 ## - HEADING--TOPICAL TERM
- Topical term or geographic name as entry element: Turkana (African people)
- General subdivision: Religion
670 ## - SOURCE DATA FOUND
- Source citation: Work cat.: (ARRUPE)101562: Barrett, Anthony Joseph 30787, Sacrifice and prophecy in turkana cosmology, 1998